00673nam a22002177a 450000500170000001000150001702000260003203500130005803700130007108200110008410000200009524500620011524600370017726000300021427000700024430000330031449000180034750000190036565000500038465000210043420130902143416.0 aENG-108286 c595.00a9788120347885 aEN-91819 bDBAD/PUB a005.54 aFrye, Curtis D. aMicrosoft Excel 2013 :cby Curtis D. Fryebstep by step / a Microsoft Excel twenty thirteen aDelhibPHI Learningc2013 aRimjhim House , 111, Patparganj Industrial Estate,bDelhie110092 axvi,484p. :c24cm(pbk)bill. a Step by step aIncludes index a Electronic spreadsheets xComputer programs. aComputers and IT